[Event "Biel GM 51st"]
[Site "Biel"]
[Date "2018.07.24"]
[Round "3"]
[White "Carlsen, Magnus"]
[Black "Svidler, Peter"]
[Result "1/2-1/2"]
[WhiteElo "2842"]
[BlackElo "2753"]
[Annotator "Ftacnik,Lubomir"]
[PlyCount "52"]
[EventDate "2018.07.22"]
[EventType "tourn"]
[EventRounds "10"]
[EventCountry "SUI"]
[EventCategory "20"]
[SourceTitle "CBM 186"]
[Source "ChessBase"]
[SourceDate "2018.09.14"]
[SourceVersion "1"]
[SourceVersionDate "2018.09.14"]
[SourceQuality "1"]

1. e4 c5 2. Nf3 d6 3. d4 cxd4 4. Nxd4 Nf6 5. Nc3 a6 6. Bg5 Nbd7 {Svidler is putting his trust in a modern variation 6...bd7 which presents White with bigger challenges than the older 6...e6.} 7. Qe2 h6 8. Bh4 g6 9. f4 Qc7 {Black is abstaining from advancing the e pawn as the level of risk is much higher in a direct fight with better developed white pieces.} (9... e5 10. fxe5 dxe5 11. O-O-O (11. Nf3 Qc7 12. O-O-O b5 13. Nd5 Nxd5 14. exd5 Bd6 15. Qe3 Bb7 16. Bd3 f5 $6 (16... Rc8 $11) 17. Nd4 Qb6 18. Bxf5 gxf5 19. Qg3 Nf8 20. Nxf5 $18 {1-0 (38) Khader,S (2392)-Karjakin,S (2760) Riadh 2017}) 11... Qc7 12. Nd5 (12. Nb3 b5 13. Qf3 (13. g4 Be7 14. Qf3 Bb7 15. a3 Nxe4 16. Nxe4 Bxh4 17. Rxd7 Qxd7 18. Nbc5 Bg5+ 19. Kb1 Bxe4 20. Qxe4 Qd1+ 21. Ka2 O-O 22. Bd3 Qd2 $15 {0-1 (44) Savchenko,B (2550)-Sarana,A (2577) Moscow 2018}) (13. Rxd7 Nxd7 14. Nd5 Qb8 15. Bf6 Nxf6 16. Nxf6+ Ke7 17. Nd5+ Ke8 18. Nf6+ Ke7 19. Nd5+ Ke8 20. Nf6+ Ke7 {½-½ (20) Sarana,A (2613)-Khanin,S (2494) Ekaterinburg 2018}) 13... Bg7 14. Kb1 O-O 15. g4 Bb7 16. a3 Rac8 17. Bd3 Qb6 18. Be1 Qe6 19. Rg1 Nb6 20. h4 $14 {0-1 (41) Wan,Y (2500)-Cheparinov,I (2702) China 2018}) 12... Nxd5 13. exd5 Bd6 14. Nb3 b5 15. Qd2 (15. g4 h5 16. g5 Nb6 17. h3 O-O 18. Na5 Bf5 19. Bg2 e4 20. Rhf1 Bf4+ 21. Kb1 Rad8 $19 {0-1 (48) Yankelevich,L (2442)-Jakovenko,D (2710) Germany 2017}) 15... g5 (15... f5 16. g4 f4 17. Bd3 Kf7 18. Qe2 g5 19. Qe4 gxh4 20. Qg6+ Kf8 $11 {1-0 (35) Pichot,A (2552)-Asis Gargatagli,H (2529) Barcelona 2018}) 16. Be1 Nc5 17. Nxc5 Qxc5 18. h4 g4 19. Bg3 Bd7 20. Re1 f6 21. Bd3 O-O-O 22. Rhf1 Rdf8 23. Bf5 $16 {1-0 (39) Naiditsch,A (2697)-Hamdouchi,H (2580) Brest 2018}) 10. O-O-O {Carlsen most likely did not like 10.f3 because after the best 10...e5! the knight may turn out to be somewhat misplaced on f3.} (10. Nf3 Bg7 $6 (10... e5 $1) 11. O-O-O (11. e5 $1 dxe5 12. fxe5 Ng4 13. O-O-O e6 14. Bg3 h5 15. Ne4 $16) 11... Nb6 12. e5 dxe5 13. fxe5 Nh5 14. Bf2 Be6 15. Qe4 g5 16. Nd4 Bc8 17. g3 Bxe5 18. Nc6 Bd6 19. Bxb6 Qxc6 20. Qd4 Nf6 {0-1 (29) Levrand,R (2156)-Bauer,C (2647) Zuerich 2017} 21. Rg1 $1 Be6 22. Bg2 Qc4 23. Ne4 $16) 10... Bg7 (10... e5 11. fxe5 dxe5 12. Nb3 Bg7 13. Qc4 $1 Qb8 14. Nc5 O-O 15. Nxd7 Nxd7 16. Nd5 b5 17. Qc6 $16 {1-0 (56) Smirnov,P (2569)-Bocharov,D (2610) Vladivostok 2016}) ({RR} 10... e5 11. fxe5 dxe5 12. Nb3 b5 13. g4 Be7 14. a3 Bb7 15. Bg2 Rc8 16. Rhf1 g5 17. Bg3 Bxa3 18. bxa3 Qxc3 19. Rd3 Qc7 20. Nd4 O-O 21. Nf5 Qc4 22. Nd6 Qa2 23. Nxb7 Rc6 24. Na5 Rc7 25. Rxf6 {Kotronias,V (2578)-Papaioannou,I (2624) Vrachati 2013 ½-½ (40)}) 11. g4 {Surprisingly enough there have been as good as no games played from this position; the players have to invent theory.} (11. Kb1 O-O 12. Nf3 e5 13. f5 b5 14. g4 b4 15. Nd5 Nxd5 16. exd5 a5 17. g5 e4 18. Nd4 hxg5 $2 (18... Bxd4 $1 19. Rxd4 Ne5 20. fxg6 Bg4 21. Qe3 fxg6 $15) 19. Bxg5 $16 {1-0 (39) Melia,S (2400)-Travkina,A (2287) Riga 2017}) ({RR} 11. g3 O-O 12. Bg2 Rb8 13. Rhe1 Nb6 14. h3 Qc5 15. Nb3 Qc7 16. g4 Be6 17. e5 dxe5 18. fxe5 Nh7 19. Nd4 Bc4 20. Qe3 Rbc8 21. e6 Nf6 22. Bg3 Qc5 23. Bxb7 Nfd5 24. exf7+ Rxf7 25. Nxd5 Nxd5 {Campos,E (1992)-Vaibhav Gautam (1674) Goa IND 2025 0-1 (31)}) ({RR} 11. Nf3 e5 12. Qd2 O-O 13. f5 g5 14. Bxg5 hxg5 15. Qxg5 b5 16. Qh4 b4 17. Nd5 Nxd5 18. exd5 Nf6 19. g4 Qc5 20. Bg2 Bd7 21. Rd2 e4 22. g5 e3 23. gxf6 exd2+ 24. Nxd2 Rfc8 25. Be4 Qd4 {Siva,M (2349)-Svidler,P (2714) Chess.com INT 2021 1-0}) 11... e5 12. fxe5 Nxe5 $146 (12... dxe5 13. Nb3 O-O $14) ({RR} 12... dxe5 13. Nb3 b5 14. Nd5 Nxd5 15. exd5 Qd6 16. Bg2 Nf6 17. h3 O-O 18. Rhf1 Bb7 19. Na5 Rab8 20. Kb1 g5 21. Bg3 Bxd5 22. Rxf6 Bxa2+ 23. Kxa2 Qxf6 24. Be4 Rfd8 25. Nc6 Qe6+ 26. b3 Rxd1 27. Qxd1 {Podgorski,M (1980)-Grzegorski,M (1752) Sypniewo 2021 1-0 (40)}) ({RR} 12... dxe5 13. Nb3 b5 14. Nd5 Nxd5 15. exd5 Qd6 16. Bg2 Nf6 17. h3 O-O 18. Rhf1 Bb7 19. Na5 Rab8 20. Kb1 g5 21. Bg3 Bxd5 22. Rxf6 Bxa2+ 23. Kxa2 Qxf6 24. Be4 Rfd8 25. Nc6 Qe6+ 26. b3 Rxd1 27. Qxd1 {Podgorski,M (1980)-Grzegorski,M (1752) Sypniewo 2021 1-0 (40)}) 13. h3 Be6 {We can safely presume, that this move was most likely part of Black's preparation. Immediate castling has the drawback of a vulnerable f6-knight that has to defend the sensitive d5-square.} (13... O-O 14. Qf2 g5 15. Bg3 b5 16. Kb1 $16) 14. Qf2 Nfd7 15. Bb5 $5 {The world champion must have tried to guess which line of attack will turn out to be more efficient - the text move or the unpleasant 15.d2.} (15. Qd2 O-O (15... Nc5 16. Nxe6 fxe6 17. Qxd6 Qxd6 18. Rxd6 O-O 19. b4 Ncd7 20. Ne2 $14) 16. Be7 Rfc8 17. Nxe6 fxe6 18. Qxd6 Nc5 19. Qxc5 Qxc5 20. Bxc5 Rxc5 21. Ne2 $14) 15... O-O (15... axb5 $4 16. Ncxb5 Qa5 17. Nxe6 $18) 16. Bxd7 Qxd7 (16... Nxd7 17. Be7 Rfc8 18. Nxe6 fxe6 19. Bxd6 $14) 17. Nf5 $6 {[%mdl 32] The temptation to play a flashy attacking move proved to be too strong. The engine is not so emotional and clearly prefers the modest positional exchange of the g7-bishop with some advantage.} (17. Bf6 $1 Rac8 (17... Bxf6 18. Qxf6 Qd8 19. Qf4 Kh7 20. Kb1 $14) 18. Bxg7 Kxg7 19. Kb1 $14) 17... gxf5 18. gxf5 Kh7 19. Rhg1 Bh8 {It makes sense to show some respect to the best player in the world even though objectively even 19...c7 with the knight retreat to g6 was good enough for keeping the balance.} (19... Qc7 20. Rg3 Ng6 21. Qg2 Rg8 22. fxg6+ fxg6 23. Rgd3 Rac8 $11) 20. Bg3 Rac8 21. Bf4 (21. fxe6 fxe6 22. Qe2 Rg8 $11) 21... Qe7 $1 {The queen prevents aggression via h4 and prepares to create counterplay on the a1-h8 diagonal.} (21... Bc4 $2 22. Qh4 Bg7 23. Rxg7+ Kxg7 24. Rg1+ Ng6 25. f6+ $18) 22. fxe6 (22. Kb1 Qf6 (22... Bc4 23. Bxh6 Kxh6 24. Rxd6+ Kh7 25. f6 Bxf6 26. Rxf6 Ng6 27. h4 $16) 23. fxe6 fxe6 24. Rdf1 Ng6 25. Qg3 Nxf4 26. Rxf4 Rg8 $11) 22... fxe6 23. Qg3 Rg8 {The disappointed champion must have realised that White has not even a hint of any advantage.} 24. Qf2 Rgf8 (24... Bg7 25. Rdf1 Nc4 $11) 25. Qg3 Rg8 26. Qf2 Rgf8 1/2-1/2

[Event "Biel GM 51st"]
[Site "Biel"]
[Date "2018.07.25"]
[Round "4"]
[White "Georgiadis, Nico"]
[Black "Carlsen, Magnus"]
[Result "1/2-1/2"]
[WhiteElo "2526"]
[BlackElo "2842"]
[PlyCount "116"]
[EventDate "2018.07.22"]
[EventType "tourn"]
[EventRounds "10"]
[EventCountry "SUI"]
[EventCategory "20"]
[SourceTitle "CBM 186"]
[Source "ChessBase"]
[SourceDate "2018.09.14"]
[SourceVersion "1"]
[SourceVersionDate "2018.09.14"]
[SourceQuality "1"]

1. e4 e6 2. d4 d5 3. Nc3 Bb4 4. e5 c5 5. a3 Ba5 6. b4 cxd4 7. Qg4 Kf8 8. Nb5 Bc7 9. Qxd4 Nc6 10. Qc5+ Nge7 11. Nxc7 Qxc7 12. Nf3 b6 13. Qd6 $146 ({RR} 13. Qe3 Bd7 14. Bb2 h6 15. Bd3 Rc8 16. O-O g6 17. Rac1 Kg7 18. Rfd1 Qb7 19. Qf4 Rhf8 20. h4 Ng8 21. h5 Nce7 22. Qg3 a6 23. Bd4 Bb5 24. c4 Bxc4 25. Bb1 Be2 26. Re1 Rxc1 27. Rxc1 Rc8 {Asgarizadeh,A (2452)-Tregubov,P (2560) Chess.com INT 2020 1-0 (36)}) ({RR} 13. Qc3 a6 14. Bd3 Bb7 15. Bf4 Rc8 16. O-O h6 17. Rfe1 Na7 18. Qxc7 Rxc7 19. Be3 Nac8 20. Nd4 g6 21. a4 Nf5 22. Bxf5 gxf5 23. Rec1 Rc4 24. c3 Ne7 25. Nb3 d4 26. Bxd4 Nd5 27. g3 h5 {Van Haastert,E (2440)-Berelowitsch,A (2549) Belgium 2014 ½-½ (48)}) 13... Qxd6 14. exd6 Nf5 15. Bf4 f6 16. g4 Nfd4 17. Nxd4 Nxd4 18. O-O-O e5 19. Rxd4 exd4 20. Bb5 Bxg4 21. Re1 g5 22. Bg3 Rd8 23. Re7 h5 24. h4 gxh4 25. Bf4 Bf5 26. Rxa7 Rh7 27. Rc7 Bd7 28. Bc6 h3 29. Kd2 Rg7 30. Bh6 Bxc6 31. Rxg7 Rxd6 32. Rg5+ Kf7 33. Rxh5 Bb5 34. Rxh3 Re6 35. Rf3 Kg6 36. Bf4 Rc6 37. Bg3 Rc4 38. Rd3 Kf5 39. Rf3+ Ke6 40. Rd3 f5 41. f3 f4 42. Bf2 Ke5 43. c3 Rc6 44. Rxd4 Rh6 45. Kc1 Rh3 46. Rd2 Rxf3 47. Bd4+ Ke4 48. Kb2 Rd3 49. Rxd3 Kxd3 50. Bxb6 Ba4 51. Ba7 f3 52. Bg1 Kd2 53. Ba7 Bd1 54. Bc5 Ba4 55. Ba7 Ke2 56. c4 d4 57. Bxd4 Kd3 58. Ba7 Kxc4 1/2-1/2

[Event "Biel GM 51st"]
[Site "Biel"]
[Date "2018.07.26"]
[Round "5"]
[White "Carlsen, Magnus"]
[Black "Mamedyarov, Shakhriyar"]
[Result "1/2-1/2"]
[WhiteElo "2842"]
[BlackElo "2801"]
[PlyCount "133"]
[EventDate "2018.07.22"]
[EventType "tourn"]
[EventRounds "10"]
[EventCountry "SUI"]
[EventCategory "20"]
[SourceTitle "CBM 186"]
[Source "ChessBase"]
[SourceDate "2018.09.14"]
[SourceVersion "1"]
[SourceVersionDate "2018.09.14"]
[SourceQuality "1"]

1. e4 e5 2. Nf3 Nc6 3. Bb5 a6 4. Ba4 Nf6 5. d3 b5 6. Bb3 Bc5 7. c3 d6 8. Bg5 h6 9. Bh4 O-O 10. Nbd2 Be6 11. O-O Bb6 12. Re1 Bxb3 $146 ({RR} 12... Kh8 13. a4 Rb8 14. Nf1 Rg8 15. axb5 axb5 16. Ne3 g5 17. Bg3 Qd7 18. Bc2 Ng4 19. Nd5 Bxd5 20. exd5 Ne7 21. d4 exd4 22. Nxd4 Ng6 23. Bf5 {1-0 (23) Carlsen,M (2830)-Grigoriants,S (2544) Samarkand UZB 2023}) ({RR} 12... Kh7 13. Bc2 Ne7 14. d4 Ng6 15. Bg3 Re8 16. Nf1 Nh5 17. Ne3 Nxg3 18. hxg3 c5 19. Nf5 cxd4 20. cxd4 exd4 21. Bb3 d5 22. N3xd4 Qf6 23. Nxe6 fxe6 24. Ne3 Rf8 25. Qe2 d4 26. Ng4 Qg5 27. Rad1 {Grischuk,A (2761)-Mamedyarov,S (2800) Paris 2017 0-1 (33)}) 13. Nxb3 Nb8 14. d4 Nbd7 15. a4 Re8 16. Qc2 Qe7 17. h3 Rab8 18. axb5 axb5 19. Na5 Bxa5 20. Rxa5 c6 21. Ra7 Qe6 22. Rd1 Nf8 23. Rc7 Rec8 24. Rxc6 Rxc6 25. d5 Qc8 26. dxc6 Ne8 27. Be7 Qxc6 28. Nh4 Ng6 29. Nf5 Rb7 30. Bxd6 Rd7 31. Ba3 Rxd1+ 32. Qxd1 Qxe4 33. Ne3 Nf6 34. g3 h5 35. h4 Qc6 36. Bb4 Kh7 37. b3 Qa8 38. c4 bxc4 39. bxc4 Qc6 40. Bd6 Kg8 41. c5 Qe4 42. Qf1 Nd5 43. Nxd5 Qxd5 44. Qc1 f6 45. Qc2 e4 46. Kf1 Kf7 47. Qa4 Qd3+ 48. Kg1 Kg8 49. Qa2+ Kh7 50. Kh2 Qd1 51. Qa3 Qd2 52. Qe3 Qd5 53. Qc1 Kg8 54. Kg1 Kf7 55. Qa1 Kg8 56. Qc1 Kf7 57. Qb1 Ne7 58. Bxe7 Kxe7 59. Qb6 Qd1+ 60. Kh2 Qd4 61. Qb7+ Ke6 62. Qc6+ Ke7 63. Kg2 e3 64. Qb7+ Ke6 65. Qc8+ Kd5 66. fxe3 Qg4 67. Qd8+ 1/2-1/2

[Event "Biel GM 51st"]
[Site "Biel"]
[Date "2018.07.29"]
[Round "7"]
[White "Carlsen, Magnus"]
[Black "Vachier Lagrave, Maxime"]
[Result "1/2-1/2"]
[WhiteElo "2842"]
[BlackElo "2779"]
[Annotator "Szabo,Krisztian"]
[PlyCount "97"]
[EventDate "2018.07.22"]
[EventType "tourn"]
[EventRounds "10"]
[EventCountry "SUI"]
[EventCategory "20"]
[SourceTitle "CBM 186"]
[Source "ChessBase"]
[SourceDate "2018.09.14"]
[SourceVersion "1"]
[SourceVersionDate "2018.09.14"]
[SourceQuality "1"]

1. e4 c5 2. Nf3 d6 3. d4 cxd4 4. Nxd4 Nf6 5. Nc3 a6 6. f3 e5 7. Nb3 Be6 8. Be3 h5 (8... Be7 {is the other main line.}) 9. Qd2 Nbd7 10. Nd5 Bxd5 11. exd5 g6 12. Be2 Bg7 13. O-O a5 {A rare move, probably Black wants to avoid the a5 variation.} (13... O-O {is the most popular move with a lot of top games.}) 14. a4 O-O 15. Bb5 $146 {The first new move in the game. It is very logical to put the  on this square.} (15. Nc1 $6 {(Palekha-Kovchan, Serpukhov 2003) was weaker, because} Nb6 $1 16. c4 e4 $1 $36 {with good activity for Black.}) 15... Qc7 16. c4 b6 17. h3 {A useful move to control the g4-square.} ({In the event of} 17. Rae1 Nc5 18. Nc1 e4 $132 {with some counterplay for Black.}) 17... Nc5 (17... e4 $6 {is dubious, as} 18. f4 $16 {and White has avoided ...g4; he is clearly better.}) 18. Nxc5 bxc5 19. Ra3 $1 {A smart move! White prepares for b3, c6, b5 and attack the a5-.} Nh7 20. Rb3 f5 $146 ({RR} 20... Rab8 21. Bf2 f5 22. Be1 e4 23. Qxa5 Bd4+ 24. Kh1 Qe7 25. Qd2 exf3 26. Rbxf3 Ng5 27. Rd3 f4 28. Bh4 Be3 29. Qe2 Rf5 30. Rxf4 Rxf4 31. Rxe3 Qf6 32. Re6 Qf5 33. Bxg5 Qxg5 34. a5 Rbf8 35. Qe3 {Le Pen,S (2094)-Dalaud,D (2220) Sables d'Olonne 2019 0-1 (47)}) 21. Bc6 Rab8 (21... Ra7 $5 {was the alternative,} 22. Qe1 ({The immediate} 22. Rb5 {could have been met by} f4 23. Bf2 Ng5 $36 {threatening ...e4 and Black looks nicely placed.}) 22... f4 23. Bd2 Ng5 24. Rb5 e4 $1 {This break-through is the point!} 25. fxe4 $6 Bd4+ 26. Kh1 Qc8 $1 {Threatening ...xh3.} 27. Bxf4 Nxh3 28. Bxd6 (28. gxh3 $2 Qxh3+ $19) 28... Nf2+ 29. Rxf2 ({If} 29. Kh2 Qg4 $19 {and mate soon.}) 29... Bxf2 30. Qxf2 Rxf2 31. Rb8 Qxb8 32. Bxb8 Rh7 $17 {at first sight this is a very strange position, hard to evaluate. The engine gives winning for Black, but by human measures especially in a practical game this is complicated enough.}) 22. Rb5 f4 23. Bf2 e4 $1 {A great -sacrifice to create counterplay on the kingside.} 24. Qc2 $1 {A very high-level reply! White doesn't take, just plays a quiet move.} ({In the event of} 24. fxe4 Qe7 25. Qd3 (25. Qc2 f3 $40) 25... Qe5 $44 {with good compensation for the .}) 24... Qe7 (24... exf3 $2 25. gxf3 $16) (24... e3 $5 {would be interesting,} 25. Be1 Rxb5 26. axb5 Kf7 $132 {followed by ...d4 with a double-edged fight.}) 25. Qxe4 Qxe4 26. fxe4 Ng5 {Suddenly they have exchanged the s; White is a  up, but Black has some counterplay for it.} 27. Re1 Nf7 28. Rb1 ({In the event of} 28. b3 Bc3 29. Rc1 Bb4 {and it's not clear how White can improve his position.}) 28... Ng5 29. Rxa5 (29. Re1 $11 {would be a repetition.}) 29... Rb3 $1 {A great move to create counterplay!} (29... Nxe4 $2 {could have been met by} 30. Rb5 $1 $16 {and the a- is unstoppable.}) 30. Rb5 Rd3 31. Re1 $2 {The most natural move, but this is a decisive mistake!} (31. a5 $2 {is too slow, because of} f3 $1 32. a6 fxg2 33. a7 Nxh3+ 34. Kxg2 Rxf2+ 35. Kh1 Rdd2 $1 36. a8=Q+ Kh7 $19 {and White can't avoid the mate!}) ({The brilliant} 31. e5 $3 {can only hold the position,} Bxe5 32. Re1 f3 33. h4 $1 fxg2 34. hxg5 Rd2 35. Rxe5 $1 dxe5 36. d6 $1 Rfxf2 37. Bd5+ Kf8 38. Rb8+ $11 {and perpetual checks.}) 31... f3 $1 {Black has a strong attack even without s too.} 32. h4 Nf7 $6 {Black is missing the chance.} (32... fxg2 $1 {was the winning move,} 33. hxg5 Rd2 34. Be3 Rc2 $19 {and White can't avoid the ...e5, ...f1 followed by ...h2 winning plan. Of course in a practical game, it isn't so easy to find.}) 33. a5 Ne5 34. a6 Rd2 $1 {The correct reply!} ({The immediate} 34... fxg2 $2 {could have been met by} 35. Re2 $1 $18 {and White has protected his position and the a- is unstoppable.}) 35. a7 fxg2 36. a8=Q Nf3+ 37. Kxg2 Nxe1+ 38. Kf1 Rdxf2+ 39. Kxe1 Rxa8 40. Kxf2 Rf8+ 41. Ke2 Rf4 {The position is simplifying, still White needs some accurate moves to reach the draw, but for Carlsen it is not a difficult task.} 42. b4 $1 {The best way!} cxb4 43. c5 Be5 ({The greedy} 43... dxc5 $6 {is dubious, as} 44. d6 $1 {and suddenly the white s are becoming fast.}) (43... Rxe4+ 44. Kf3 Rxh4 45. cxd6 $11) 44. cxd6 Bxd6 45. Kd3 Kf7 46. Rb6 Bc5 47. Rb5 Bd6 48. Rb6 Bc5 49. Rb5 {What a great fight!} 1/2-1/2

[Event "Biel GM 51st"]
[Site "Biel"]
[Date "2018.07.30"]
[Round "8"]
[White "Svidler, Peter"]
[Black "Carlsen, Magnus"]
[Result "1/2-1/2"]
[WhiteElo "2753"]
[BlackElo "2842"]
[Annotator "Golubev,Mikhail"]
[PlyCount "72"]
[EventDate "2018.07.22"]
[EventType "tourn"]
[EventRounds "10"]
[EventCountry "SUI"]
[EventCategory "20"]
[SourceTitle "CBM 186"]
[Source "ChessBase"]
[SourceDate "2018.09.14"]
[SourceVersion "1"]
[SourceVersionDate "2018.09.14"]
[SourceQuality "1"]

1. e4 e5 2. Nf3 Nc6 3. Bb5 Nf6 4. d3 Bc5 5. Bxc6 dxc6 $8 6. Nbd2 {This is the most common move, but no less than five other options also have been tried in the practice of these players.} Be6 ({Instead,} 6... Bg4 7. h3 Bh5 {had been played by Carlsen in his 2013 world championship match against Anand.}) 7. Qe2 $5 Nd7 8. Nb3 {Introduced by Caruana in a game against Navara in 2013.} Bb6 $5 ({RR} 8... Bd6 9. Ng5 Nf8 10. Nxe6 Nxe6 11. Be3 c5 12. O-O O-O 13. g3 Nd4 14. Bxd4 cxd4 15. c3 c5 16. cxd4 cxd4 17. Rfc1 Rc8 18. Rxc8 Qxc8 19. Rc1 Qe6 20. Qc2 h5 21. h4 Kh7 22. Kg2 g6 23. a3 {Czarnota,P (2476)-Chmiel,M (2165) Jastrzebia Gora POL 2025 1-0 (42)}) 9. Ng5 Nf8 $5 ({RR} 9... Bxb3 10. axb3 f6 11. Nf3 Nc5 12. O-O Ne6 13. Nd2 O-O 14. Nc4 Qd7 15. Kh1 Rae8 16. Be3 c5 17. Qg4 Kh8 18. g3 Qc6 19. f3 a6 20. h4 Ba7 21. Bd2 Nd4 22. Ne3 Rd8 23. Bc3 Nb5 24. Rae1 {Caruana,F (2804)-Kramnik,V (2812) Leuven 2016 1-0 (54)}) 10. Be3 $146 ({In Caruana-Nakamura, Internet blitz 2017 there was} 10. O-O Bxb3 11. axb3 f6 12. Nf3 Ne6 {, transposing also to Caruana-Kramnik, Leuven blitz 2016.}) ({There is also} 10. Nxe6 Nxe6 $11) 10... Qe7 ({Engines suggest} 10... Bd7 $5 {planning ...g6.}) 11. g3 $146 ({Probably more accurate is} 11. Nxe6 Nxe6 12. Qh5) ({RR} 11. O-O Bd7 12. Rad1 f6 13. Nf3 c5 14. c3 a6 15. Rfe1 Bb5 16. Nbd2 Ne6 17. Nc4 Bxc4 18. dxc4 Kf7 19. Nh4 g6 20. g3 Rad8 21. Ng2 Rxd1 22. Rxd1 Rd8 23. f4 exf4 24. gxf4 c6 25. Kf2 Bc7 {Dann,M (2508)-Mladek,R (2291) Pardubice 2021 0-1 (46)}) ({RR} 11. O-O Bd7 12. Rad1 f6 13. Nf3 c5 14. c3 a6 15. Rfe1 Bb5 16. Nbd2 Ne6 17. Nc4 Bxc4 18. dxc4 Kf7 19. Nh4 g6 20. g3 Rad8 21. Ng2 Rxd1 22. Rxd1 Rd8 23. f4 exf4 24. gxf4 c6 25. Kf2 Bc7 {Dann,M (2508)-Mladek,R (2291) Pardubice 2021 0-1 (46)}) 11... Bxb3 $5 12. axb3 f6 13. Nf3 Ne6 14. Bxb6 cxb6 15. O-O a6 $1 {Instead of the banal 15...0-0, Carlsen prepares to castle long.} 16. c3 ({Maybe} 16. Qe3 $5 {was worth trying.}) 16... O-O-O {If White had not prepared d4 now, Black could get some attacking prospects on the kingside.} 17. Rad1 Kb8 18. Qe3 Ka7 {True magic. The black king is completely safe on the queenside. Black gradually gained some chances from what seemed to be a completely equal position.} 19. d4 exd4 20. Nxd4 ({After} 20. cxd4 $6 Rhe8 {White's pawns are vulnerable.}) 20... Nxd4 21. Rxd4 h5 $5 22. Rfd1 $5 Rxd4 23. cxd4 ({After} 23. Rxd4 {Black plays} h4 ({or} 23... Qe6 24. b4 h4)) 23... h4 24. d5 ({A serious alternative was} 24. g4 {but there too some initiative is with Black.}) 24... hxg3 25. hxg3 Qe5 (25... cxd5 $5 {is curious:} 26. exd5 (26. Rxd5 g5 $1) 26... Qxe3 27. fxe3 Kb8 $1 {though I am not sure that Black has any significant winning chances after} 28. d6 $5) 26. Qf3 ({Not} 26. dxc6 $4 Qh5 $1 $19) 26... cxd5 27. exd5 Qxb2 $6 ({Here} 27... Rd8 $1 28. Qd3 Qxb2 29. d6 Qe5 ({if} 29... Rd7 {, White plays} 30. Qf5 $1 Qxb3 31. Qxd7 Qxd1+ 32. Kg2 $11 {with the inevitable draw, because the d6-pawn is too dangerous}) 30. d7 Qe6 {was a better practical chance: Black plans to play, approximately, ...c6, b5, b6, b7 at some point threatening with ...h8, or .. .a5-a4. At least, White would have had to work for a draw.}) 28. d6 $1 Rd8 29. d7 Qc2 {Now White uses the opportunity to place his rook actively, equalising.} 30. Rd6 $1 Qc5 31. Qd1 $1 $11 Qf5 32. Rd5 Qe4 33. Rd4 Qc6 34. Rd6 Qe4 35. Rd4 Qc6 36. Rd6 Qe4 1/2-1/2